<?xml version="1.0" encoding="UTF-8"?>
<marc:record xmlns:marc="http://www.loc.gov/MARC21/slim" type="Bibliographic">
   <marc:leader>00000pam a2200000 c 4500</marc:leader>
   <marc:controlfield tag="001">979140609</marc:controlfield>
   <marc:controlfield tag="003">DE-101</marc:controlfield>
   <marc:controlfield tag="005">20171201232507.0</marc:controlfield>
   <marc:controlfield tag="007">tu</marc:controlfield>
   <marc:controlfield tag="008">060329s2006    gw ||||| |||| 00||||ger  </marc:controlfield>
   <marc:datafield ind1=" " ind2=" " tag="015">
      <marc:subfield code="a">06,A49,0760</marc:subfield>
      <marc:subfield code="z">06,N16,0526</marc:subfield>
      <marc:subfield code="2">dnb</marc:subfield>
   </marc:datafield>
   <marc:datafield ind1="7" ind2=" " tag="016">
      <marc:subfield code="2">DE-101</marc:subfield>
      <marc:subfield code="a">979140609</marc:subfield>
   </marc:datafield>
   <marc:datafield ind1=" " ind2=" " tag="020">
      <marc:subfield code="a">9783352006593</marc:subfield>
      <marc:subfield code="c">Pp. : EUR 19.90, sfr 36.00</marc:subfield>
      <marc:subfield code="9">978-3-352-00659-3</marc:subfield>
   </marc:datafield>
   <marc:datafield ind1=" " ind2=" " tag="020">
      <marc:subfield code="a">3352006598</marc:subfield>
      <marc:subfield code="c">Pp. : EUR 19.90, sfr 36.00</marc:subfield>
      <marc:subfield code="9">3-352-00659-8</marc:subfield>
   </marc:datafield>
   <marc:datafield ind1="3" ind2=" " tag="024">
      <marc:subfield code="a">9783352006593</marc:subfield>
   </marc:datafield>
   <marc:datafield ind1=" " ind2=" " tag="035">
      <marc:subfield code="a">(DE-599)DNB979140609</marc:subfield>
   </marc:datafield>
   <marc:datafield ind1=" " ind2=" " tag="035">
      <marc:subfield code="a">(OCoLC)180906595</marc:subfield>
   </marc:datafield>
   <marc:datafield ind1=" " ind2=" " tag="040">
      <marc:subfield code="a">1145</marc:subfield>
      <marc:subfield code="b">ger</marc:subfield>
      <marc:subfield code="c">DE-101</marc:subfield>
      <marc:subfield code="d">9999</marc:subfield>
   </marc:datafield>
   <marc:datafield ind1=" " ind2=" " tag="041">
      <marc:subfield code="a">ger</marc:subfield>
   </marc:datafield>
   <marc:datafield ind1=" " ind2=" " tag="044">
      <marc:subfield code="c">XA-DE-BE</marc:subfield>
   </marc:datafield>
   <marc:datafield ind1="7" ind2="4" tag="082">
      <marc:subfield code="a">360</marc:subfield>
      <marc:subfield code="q">DE-101</marc:subfield>
      <marc:subfield code="2">22sdnb</marc:subfield>
   </marc:datafield>
   <marc:datafield ind1=" " ind2=" " tag="090">
      <marc:subfield code="a">b</marc:subfield>
   </marc:datafield>
   <marc:datafield ind1="1" ind2=" " tag="100">
      <marc:subfield code="0">(DE-588)115445293</marc:subfield>
      <marc:subfield code="0">http://d-nb.info/gnd/115445293</marc:subfield>
      <marc:subfield code="0">(DE-101)115445293</marc:subfield>
      <marc:subfield code="a">Wedekind, Beate</marc:subfield>
      <marc:subfield code="d">1951-</marc:subfield>
      <marc:subfield code="e">Verfasser</marc:subfield>
      <marc:subfield code="4">aut</marc:subfield>
   </marc:datafield>
   <marc:datafield ind1="0" ind2="0" tag="245">
      <marc:subfield code="a">Nagaya heisst Frieden</marc:subfield>
      <marc:subfield code="b">Karlheinz Böhm und seine Äthiopienhilfe Menschen für Menschen</marc:subfield>
      <marc:subfield code="c">Beate Wedekind. Mit Fotogr. von Marcus Zumbansen</marc:subfield>
   </marc:datafield>
   <marc:datafield ind1=" " ind2=" " tag="250">
      <marc:subfield code="a">1. Aufl.</marc:subfield>
   </marc:datafield>
   <marc:datafield ind1=" " ind2=" " tag="259">
      <marc:subfield code="a">11</marc:subfield>
   </marc:datafield>
   <marc:datafield ind1=" " ind2="1" tag="264">
      <marc:subfield code="a">Berlin</marc:subfield>
      <marc:subfield code="b">Rütten und Loening</marc:subfield>
      <marc:subfield code="c">2006</marc:subfield>
   </marc:datafield>
   <marc:datafield ind1=" " ind2=" " tag="300">
      <marc:subfield code="a">303 S.</marc:subfield>
      <marc:subfield code="b">Ill., Kt.</marc:subfield>
      <marc:subfield code="c">24 cm</marc:subfield>
   </marc:datafield>
   <marc:datafield ind1=" " ind2=" " tag="336">
      <marc:subfield code="a">Text</marc:subfield>
      <marc:subfield code="b">txt</marc:subfield>
      <marc:subfield code="2">rdacontent</marc:subfield>
   </marc:datafield>
   <marc:datafield ind1=" " ind2=" " tag="337">
      <marc:subfield code="a">ohne Hilfsmittel zu benutzen</marc:subfield>
      <marc:subfield code="b">n</marc:subfield>
      <marc:subfield code="2">rdamedia</marc:subfield>
   </marc:datafield>
   <marc:datafield ind1=" " ind2=" " tag="338">
      <marc:subfield code="a">Band</marc:subfield>
      <marc:subfield code="b">nc</marc:subfield>
      <marc:subfield code="2">rdacarrier</marc:subfield>
   </marc:datafield>
   <marc:datafield ind1="1" ind2="7" tag="600">
      <marc:subfield code="0">(DE-588)118796585</marc:subfield>
      <marc:subfield code="0">http://d-nb.info/gnd/118796585</marc:subfield>
      <marc:subfield code="0">(DE-101)118796585</marc:subfield>
      <marc:subfield code="a">Böhm, Karlheinz</marc:subfield>
      <marc:subfield code="d">1928-2014</marc:subfield>
      <marc:subfield code="2">gnd</marc:subfield>
   </marc:datafield>
   <marc:datafield ind1="2" ind2="7" tag="610">
      <marc:subfield code="0">(DE-588)4303877-3</marc:subfield>
      <marc:subfield code="0">http://d-nb.info/gnd/4303877-3</marc:subfield>
      <marc:subfield code="0">(DE-101)043038778</marc:subfield>
      <marc:subfield code="a">Menschen für Menschen</marc:subfield>
      <marc:subfield code="2">gnd</marc:subfield>
   </marc:datafield>
   <marc:datafield ind1=" " ind2="7" tag="650">
      <marc:subfield code="0">(DE-588)4438965-6</marc:subfield>
      <marc:subfield code="0">http://d-nb.info/gnd/4438965-6</marc:subfield>
      <marc:subfield code="0">(DE-101)949582778</marc:subfield>
      <marc:subfield code="a">Humanitäre Hilfe</marc:subfield>
      <marc:subfield code="2">gnd</marc:subfield>
   </marc:datafield>
   <marc:datafield ind1=" " ind2="7" tag="650">
      <marc:subfield code="0">(DE-588)4070874-3</marc:subfield>
      <marc:subfield code="0">http://d-nb.info/gnd/4070874-3</marc:subfield>
      <marc:subfield code="0">(DE-101)040708748</marc:subfield>
      <marc:subfield code="a">Entwicklungsprojekt</marc:subfield>
      <marc:subfield code="2">gnd</marc:subfield>
   </marc:datafield>
   <marc:datafield ind1=" " ind2="7" tag="651">
      <marc:subfield code="0">(DE-588)4000639-6</marc:subfield>
      <marc:subfield code="0">http://d-nb.info/gnd/4000639-6</marc:subfield>
      <marc:subfield code="0">(DE-101)040006395</marc:subfield>
      <marc:subfield code="a">Äthiopien</marc:subfield>
      <marc:subfield code="2">gnd</marc:subfield>
   </marc:datafield>
   <marc:datafield ind1=" " ind2="7" tag="651">
      <marc:subfield code="0">(DE-588)4000639-6</marc:subfield>
      <marc:subfield code="0">http://d-nb.info/gnd/4000639-6</marc:subfield>
      <marc:subfield code="0">(DE-101)040006395</marc:subfield>
      <marc:subfield code="a">Äthiopien</marc:subfield>
      <marc:subfield code="2">gnd</marc:subfield>
   </marc:datafield>
   <marc:datafield ind1=" " ind2=" " tag="653">
      <marc:subfield code="a">(VLB-FS)Menschen für Menschen</marc:subfield>
   </marc:datafield>
   <marc:datafield ind1=" " ind2=" " tag="653">
      <marc:subfield code="a">(VLB-FS)Äthiopienhilfe</marc:subfield>
   </marc:datafield>
   <marc:datafield ind1=" " ind2=" " tag="653">
      <marc:subfield code="a">(VLB-FS)Äthiopien</marc:subfield>
   </marc:datafield>
   <marc:datafield ind1=" " ind2=" " tag="653">
      <marc:subfield code="a">(VLB-FS)Hilfsorganisation</marc:subfield>
   </marc:datafield>
   <marc:datafield ind1=" " ind2=" " tag="653">
      <marc:subfield code="a">(VLB-PF)BB: Gebunden</marc:subfield>
   </marc:datafield>
   <marc:datafield ind1=" " ind2=" " tag="653">
      <marc:subfield code="a">(VLB-WI)1: Hardcover, Softcover, Karte</marc:subfield>
   </marc:datafield>
   <marc:datafield ind1=" " ind2=" " tag="653">
      <marc:subfield code="a">(VLB-WG)751: Völkerkunde, Volkskunde / Populäre Darstellungen</marc:subfield>
   </marc:datafield>
   <marc:datafield ind1=" " ind2="7" tag="655">
      <marc:subfield code="0">(DE-588)4133254-4</marc:subfield>
      <marc:subfield code="0">http://d-nb.info/gnd/4133254-4</marc:subfield>
      <marc:subfield code="0">(DE-101)041332547</marc:subfield>
      <marc:subfield code="a">Erlebnisbericht</marc:subfield>
      <marc:subfield code="2">gnd-content</marc:subfield>
   </marc:datafield>
   <marc:datafield ind1=" " ind2="7" tag="655">
      <marc:subfield code="a">Erlebnisbericht</marc:subfield>
      <marc:subfield code="2">gnd</marc:subfield>
   </marc:datafield>
   <marc:datafield ind1="0" ind2="0" tag="689">
      <marc:subfield code="0">(DE-588)118796585</marc:subfield>
      <marc:subfield code="0">http://d-nb.info/gnd/118796585</marc:subfield>
      <marc:subfield code="0">(DE-101)118796585</marc:subfield>
      <marc:subfield code="D">p</marc:subfield>
      <marc:subfield code="a">Böhm, Karlheinz</marc:subfield>
      <marc:subfield code="d">1928-2014</marc:subfield>
   </marc:datafield>
   <marc:datafield ind1="0" ind2="1" tag="689">
      <marc:subfield code="0">(DE-588)4000639-6</marc:subfield>
      <marc:subfield code="0">http://d-nb.info/gnd/4000639-6</marc:subfield>
      <marc:subfield code="0">(DE-101)040006395</marc:subfield>
      <marc:subfield code="D">g</marc:subfield>
      <marc:subfield code="a">Äthiopien</marc:subfield>
   </marc:datafield>
   <marc:datafield ind1="0" ind2="2" tag="689">
      <marc:subfield code="0">(DE-588)4438965-6</marc:subfield>
      <marc:subfield code="0">http://d-nb.info/gnd/4438965-6</marc:subfield>
      <marc:subfield code="0">(DE-101)949582778</marc:subfield>
      <marc:subfield code="D">s</marc:subfield>
      <marc:subfield code="a">Humanitäre Hilfe</marc:subfield>
   </marc:datafield>
   <marc:datafield ind1="0" ind2=" " tag="689">
      <marc:subfield code="5">DE-101</marc:subfield>
      <marc:subfield code="5">DE-101</marc:subfield>
   </marc:datafield>
   <marc:datafield ind1="1" ind2="0" tag="689">
      <marc:subfield code="0">(DE-588)4000639-6</marc:subfield>
      <marc:subfield code="0">http://d-nb.info/gnd/4000639-6</marc:subfield>
      <marc:subfield code="0">(DE-101)040006395</marc:subfield>
      <marc:subfield code="D">g</marc:subfield>
      <marc:subfield code="a">Äthiopien</marc:subfield>
   </marc:datafield>
   <marc:datafield ind1="1" ind2="1" tag="689">
      <marc:subfield code="0">(DE-588)4303877-3</marc:subfield>
      <marc:subfield code="0">http://d-nb.info/gnd/4303877-3</marc:subfield>
      <marc:subfield code="0">(DE-101)043038778</marc:subfield>
      <marc:subfield code="D">b</marc:subfield>
      <marc:subfield code="a">Menschen für Menschen</marc:subfield>
   </marc:datafield>
   <marc:datafield ind1="1" ind2="2" tag="689">
      <marc:subfield code="0">(DE-588)4070874-3</marc:subfield>
      <marc:subfield code="0">http://d-nb.info/gnd/4070874-3</marc:subfield>
      <marc:subfield code="0">(DE-101)040708748</marc:subfield>
      <marc:subfield code="D">s</marc:subfield>
      <marc:subfield code="a">Entwicklungsprojekt</marc:subfield>
   </marc:datafield>
   <marc:datafield ind1="1" ind2="3" tag="689">
      <marc:subfield code="A">f</marc:subfield>
      <marc:subfield code="a">Erlebnisbericht</marc:subfield>
   </marc:datafield>
   <marc:datafield ind1="1" ind2=" " tag="689">
      <marc:subfield code="5">DE-101</marc:subfield>
      <marc:subfield code="5">DE-101</marc:subfield>
   </marc:datafield>
   <marc:datafield ind1=" " ind2=" " tag="850">
      <marc:subfield code="a">DE-101a</marc:subfield>
      <marc:subfield code="a">DE-101b</marc:subfield>
   </marc:datafield>
   <marc:datafield ind1="r" ind2=" " tag="925">
      <marc:subfield code="a">ra</marc:subfield>
   </marc:datafield>
</marc:record>
